Sports sociology / (Record no. 59511)

MARC details
000 -LEADER
fixed length control field 00716nam a22002177a 4500
005 - DATE AND TIME OF LATEST TRANSACTION
control field 20130726105744.0
010 ## - LCCN (DPL NO)
LC control number ENG-104363
020 ## - INTERNATIONAL STANDARD BOOK NUMBER
International Standard Book Number 9788178796765
Terms of availability 800.00
035 ## - SYSTEM CONTROL NUMBER
System control number EN -87896
035 ## - SYSTEM CONTROL NUMBER
System control number B-494879
037 ## - SOURCE OF ACQUISITION
Source of stock number/acquisition DBAD/PUB
037 ## - SOURCE OF ACQUISITION
Source of stock number/acquisition RBC/Ven
Stock number dpl
082 ## - DEWEY DECIMAL CLASSIFICATION NUMBER
Classification number 306.483
245 ## - TITLE STATEMENT
Title Sports sociology /
Statement of responsibility, etc edited & compiled by B.J.Srinivasaraju
260 ## - PUBLICATION, DISTRIBUTION, ETC. (IMPRINT)
Place of publication, distribution, etc New Delhi
Name of publisher, distributor, etc Sports Publication
Date of publication, distribution, etc 2011
270 ## - ADDRESS
Address 7/26, Ground Floor, Ansari Road,Darya Ganj,
City New Delhi
Postal code 110002
300 ## - PHYSICAL DESCRIPTION
Extent 316p.
Dimensions 23cm(Hb)
700 ## - ADDED ENTRY--PERSONAL NAME
Personal name Srinivasaraju, B.J.
9 (RLIN) 37056
942 ## - ADDED ENTRY ELEMENTS (KOHA)
Source of classification or shelving scheme Dewey Decimal Classification
Item type English Books
Call number suffix SPO
Classification part 306.483
Holdings
Withdrawn status Lost status Not for loan Collection code Home library Current library Date acquired Source of acquisition Cost, normal purchase price Full call number Barcode Copy number Cost, replacement price Koha item type
      Non-fiction Central Library Central Library 26/07/2013 RBC/33232/16.06.2013/27/18.12.2012/15.03.2013 800.00 306.483 SPO B-494879 1 800.00 English Books
    Not For Loan Non-fiction D.B.Act.Division D.B.Act.Division 16/12/2011 DBAD / PUB 800.00 306.483 SPO EN -87896 1 800.00 English Books

© Delhi Public Library
Hit Counter
free hit counter